000 00365 a2200157 4500
001 152672
040 _cEscola São Tomás de Aquino
100 _aMARTINELLI, Tânia Alexandre
240 1 0 _aA rua é meu quintal
_lpor
245 1 0 _aA rua é meu quintal
300 _a96
362 0 _a2000
440 1 _aAtual
697 _a*LITERATURA JUVENIL
942 _cBK
999 _c152672
_d152672